Представление документа в формате RUSMARC

ПолеНазваниеЗначение
  Тип записи a
  Библиографический уровень a
001 Контрольный номер RU/CBS_UL/BASE/8aa986d746df4c2b8084ab3a3b4ce250
005 Дата корректировки 20250507142047.0
100 Данные общей обработки __
a Данные общей обработки 20250507 ||| 0rusy0189 ca
101 Язык документа 0_
a Язык текста rus
102 Страна публикации __
a Страна публикации RU
200 Заглавие и сведения об ответственности 1_
a Заглавие Юная купчиха с Петроградки
e Сведения, относящиеся к заглавию [исследования учёного помогли установить судьбу Г. Адеркас, "модели" Б. Кустодиева для его знаменитой картины "Купчиха за чаем"]
f Первые сведения об ответственности В. Перепеченко
300 Общие примечания __
a Общие примечания 16+
320 Библиография __
a Библиография Библиогр.: с. 19
461 Уровень набора _0
1 2000
a Родина
463 Уровень физической единицы _0
1 2000
a № 3
v С. 17-19 : фот., ил.
1 2101
d 2023
1 001RU/CBS_UL/BASE/7053cac77d2a4ac4ba59b1245707d6fd
600 Персоналии _1
a Персоналии (Фамилия) Кустодиев
b Персоналии (Имя, инициалы) Б.М.
600 Персоналии _1
a Персоналии (Фамилия) Адеркас
b Персоналии (Имя, инициалы) Г.В.
606 Тематические рубрики 0_
a Основная рубрика Кустодиев, Борис Михайлович (1878-1927) - "Купчиха за чаем"
610 Ключевые слова 0_
a Ключевые слова художники
610 Ключевые слова 0_
a Ключевые слова художники русские
610 Ключевые слова 0_
a Ключевые слова портретная живопись
610 Ключевые слова 0_
a Ключевые слова женские образы
610 Ключевые слова 0_
a Ключевые слова повседневная жизнь
610 Ключевые слова 0_
a Ключевые слова картины (живопись)
610 Ключевые слова 0_
a Ключевые слова Купчиха за чаем (картины)
610 Ключевые слова 0_
a Ключевые слова история изобразительного искусства
686 Индексы других классификаций __
2 Код системы rubbk
a Классификационный индекс 85.143(2)1
700 Автор _1
a Фамилия Перепеченко
b Имя (инициалы) В.
801 Источник записи _0
a Страна RU
b Организация МБУК ЦБС г. Ульяновска
c Дата составления 20250507
g Правила каталогизации RCR
801 Источник записи _1
a Страна RU
b Организация МБУК ЦБС г. Ульяновска
c Дата составления 20250507
g Правила каталогизации RCR
901 Тип документа __
t Тип документа b
w Контрольный № источника RU/CBS_UL/BASE/7053cac77d2a4ac4ba59b1245707d6fd
909 Создатель записи __
a Создатель записи lib1